000 00453nam a2200181u 4500
008 080212|||||||||||||||||||||||||||||eng|u
020 _a003024563x
100 1 _aBrown, William H.
245 1 0 _aOrganic chemistry
_cWilliam H. Brown, Christopher S. Foote
250 _a2rd ed.
260 _aFort Worth
_bSaunders
_c1998
300 _a321p.
650 4 _aQuimica
700 1 _aFoote, Christopher S.
961 w l _t11
999 _c559
_d559